000 00512nam a22002177a 4500
003 UA-OsUOA
001 37982
007 ta
008 20060421b un ||||| |||| 00| 0 ukr d
100 _aСєдих Юрій
090 _a32
_bС11
942 _cSA
040 _aUA-OsUOA
_bukr
_cUA-OsUOA
_dUA-OsUOA
245 _aПро мужність ліквідаторів аварії
300 _a16 с.
955 _a0
041 _aukr
080 _a32
773 0 _w37980
650 7 _a32 Політика
_2UDC
999 _c324146
_d324146